000 00332nam a2200145 i 4500
001 bg
245 0 _aAdvanced structural dynamics /
_ced. by J. Donéa.
260 _aLondon,
_c1980.
700 1 _aDonéa, J.
_eRed.
040 _cBPK
041 _apol
080 _a624
942 _cKS
008 s pl f |000 0 pol
999 _c19527
_d19527
856 _uhttp://koha.tu.koszalin.pl/cgi-bin/koha/opac-detail.pl?biblionumber=19527
_yKatalog online BPK